Niekoľko poznámok na okraj prekladov z češtiny

Bibliographic Details
Main Author: Ružička, Jozef, 1916-1989 (Author)
Format: Article
Language:Slovak
Subjects:

MARC

LEADER 00000nab a2200000 a 4500
001 vtls009156088
003 SK-MaSNL
005 20260304153950.0
008 250507c1961 xo |r|p|||||||000 b|slo
015 |a SNBRB2007/11  |2 snkbucl 
035 |a (uuid)81a0bfbe-c2d2-4841-bdfe-48578ad4c488 
035 |a urn:nbn:sk:snk-abc2gy 
035 |a (urnnbn)urn:nbn:sk:snk:ar-002vi9 
038 |a SNKBUCL 
040 |a SNKBUCL  |b slo  |c SNKBUCL  |e AACR2 
041 0 |a slo 
044 |a xo  |c SK 
080 |a 811.162.4'25  |2 2001 
080 |a 811.162.3  |2 2001 
100 1 |a Ružička, Jozef,  |d 1916-1989  |4 aut  |9 86113 
245 1 0 |a Niekoľko poznámok na okraj prekladov z češtiny  |c Jozef Ružička 
504 |a Bibliogr. odkazy 
650 0 7 |a slovenčina  |2 SNKPH  |9 1350 
650 0 7 |a čeština  |2 SNKPH  |9 1319 
650 0 7 |a preklady z češtiny  |2 snkbucl  |9 100513 
650 0 7 |a preklady do slovenčiny  |2 SNKPH  |9 59836 
773 0 |t Slovenská reč  |g Roč. 26., č. 3 (1961), s. 129-140 
850 |a Slovenská národná knižnica 
852 |a Slovenská národná knižnica 
954 |a odborná, vedecká literatúra pôvodná (slovenská)  |2 lita 
958 |a article15 
958 |a OND 
958 |a NB 
958 |a CZ 
958 |a SK 
958 |a EUIPO 
999 |c 2955726  |d 2957656